Golf Calls - Sudden Death - Statistics

General Stats
  • This quiz has been taken 262 times
  • The average score is 8 of 10
Answers on the Grid
Answers color-coded by a green-red scale on the quiz's grid according to % correct below.
Condor
Birdie
Par
Bogey
Double bogey
Triple bogey
Albatross
Hole in one
Ostrich
Quadruple bogey
Big bogey
Penguin
Robin
Bird
Small bogey
Hummingbird
Owl
Wolf
Doggie
On
 
Answer Stats
Answer % Correct
Hole in one
91%
Par
91%
Bogey
89%
Birdie
88%
Double bogey
87%
Triple bogey
86%
Albatross
82%
Quadruple bogey
82%
Condor
45%
Ostrich
17%
No matching quizzes found
Score Distribution
Percent of People with Each Score
Percentile by Number Answered
Your Score History
You have not taken this quiz